Altona. Men without shadows. The Flies
Shranjeno v:
| Glavni avtor: | |
|---|---|
| Format: | Knjiga |
| Jezik: | Undetermined |
| Izdano: |
Gran Bretaña
Penguin Books
1962
|
| Teme: | |
| Oznake: |
Označite
Brez oznak, prvi označite!
|
MARC
| LEADER | 00000nam a2200000Ia 4500 | ||
|---|---|---|---|
| 008 | 170316s9999 xx 000 0 und d | ||
| 040 | |a cru BVZT | ||
| 090 | |a 840 S-10a | ||
| 100 | |a Sartre, Jean-Paul | ||
| 245 | |a Altona. Men without shadows. The Flies | ||
| 260 | |a Gran Bretaña | ||
| 260 | |b Penguin Books | ||
| 260 | |c 1962 | ||
| 300 | |a 316 páginas | ||
| 650 | |a LITERATURA FRANCESA | ||
| 650 | |a TEATRO EN IDIOMA FRANCÉS | ||
| 650 | |a ALTONA | ||
| 650 | |a MEN WITHOUT SHADOWS | ||
| 650 | |a THE FLIES | ||
| 999 | |c 7951 |d 7951 | ||
| 942 | |c 15 D |h 840 S-10a |2 z | ||
